Una práctica teoría de juegos: estrategias para cooperar y competir
保存先:
| 第一著者: | |
|---|---|
| フォーマット: | 図書 |
| 言語: | スペイン語 |
| 出版事項: |
Santiago
Ediciones Universidad Católica de Chile
2009
|
| 主題: | |
| タグ: |
タグ追加
タグなし, このレコードへの初めてのタグを付けませんか!
|
MARC
| LEADER | 00000cam a2200000 a 4500 | ||
|---|---|---|---|
| 001 | UCG0947 | ||
| 003 | CL-VaPUC | ||
| 008 | 100415e20090000CL |||||||||||||||||spa|d | ||
| 020 | |a 9789561410367 | ||
| 082 | 0 | 4 | |a 658.403 |b SIN |2 21 |
| 100 | 0 | |a Singer González, Marcos Johanan |e author |9 548624 | |
| 245 | 1 | 4 | |a Una práctica teoría de juegos: estrategias para cooperar y competir |
| 300 | |a 552 p | ||
| 942 | |c BK | ||
| 945 | |d 20100415 00:00:00 |a rbrito | ||
| 260 | |a Santiago |b Ediciones Universidad Católica de Chile |c 2009 | ||
| 650 | 0 | |a Toma de decisiones |9 257530 | |
| 650 | 0 | |a Teoría de los juegos |9 548625 | |
| 583 | |a last modification |c 20170309 06:25:51 |k Rodrigo Vera | ||
| 999 | |c 340428 |d 340426 | ||
| 952 | |0 0 |1 0 |4 0 |6 658_403000000000000_SIN_2009 |7 0 |8 R |9 435183 |a BIBENE |b BIBENE |d 2019-11-22 |i 4661117 |o 658.403 SIN 2009 |p 4661117 |r 2025-01-15 |w 2019-11-22 |y BK_R |k ICO | ||
| 952 | |0 0 |1 0 |4 0 |6 658_403000000000000_SIN_2009 |7 0 |8 C |9 435184 |a BIBCUR |b BIBCUR |d 2019-11-22 |i 4668286 |o 658.403 SIN 2009 |p 4668286 |r 2025-04-22 |w 2019-11-22 |y BK |k PER | ||
| 952 | |0 0 |1 0 |4 0 |6 658_403000000000000_SIN_2009 |7 0 |8 C |9 435185 |a BIBCUR |b BIBCUR |d 2019-11-22 |i 4670787 |o 658.403 SIN 2009 |p 4670787 |r 2025-04-22 |w 2019-11-22 |y BK |k IDI | ||
| 952 | |0 0 |1 0 |4 0 |6 658_403000000000000_SIN_2009 |7 0 |8 A |9 435186 |a BIBING |b BIBING |d 2019-11-22 |i 468317K |o 658.403 SIN 2009 |p 468317K |r 2025-01-20 |w 2019-11-22 |y BK |k EII | ||
| 952 | |0 0 |1 0 |3 erb |4 0 |6 658_403000000000000_SIN_2009 |7 0 |8 R |9 435187 |a BIBENE |b BIBENE |i 5364779 |o 658.403 SIN 2009 |p 5364779 |r 2025-01-15 |w 2019-11-22 |y BK_R |z Catalogado en:20170317 |k ICO | ||
| 952 | |0 0 |1 0 |3 erb |4 0 |6 658_403000000000000_SIN_2009 |7 0 |8 R |9 435188 |a BIBENE |b BIBENE |i 5364787 |l 1 |o 658.403 SIN 2009 |p 5364787 |r 2025-01-15 |s 2022-05-24 |w 2019-11-22 |y BK_R |z Catalogado en:20170317 |k ICO | ||
| 952 | |0 0 |1 0 |3 erb |4 0 |6 658_403000000000000_SIN_2009 |7 0 |8 R |9 435189 |a BIBENE |b BIBENE |i 5364795 |o 658.403 SIN 2009 |p 5364795 |r 2025-01-15 |w 2019-11-22 |y BK_R |z Catalogado en:20170317 |k ICO | ||
| 952 | |0 0 |1 0 |3 erb |4 0 |6 658_403000000000000_SIN_2009 |7 0 |8 R |9 435190 |a BIBENE |b BIBENE |i 5364809 |o 658.403 SIN 2009 |p 5364809 |r 2025-01-15 |w 2019-11-22 |y BK_R |z Catalogado en:20170317 |k ICO | ||
| 952 | |0 0 |1 0 |3 erb |4 0 |6 658_403000000000000_SIN_2009 |7 0 |8 R |9 435191 |a BIBENE |b BIBENE |i 5364817 |o 658.403 SIN 2009 |p 5364817 |r 2025-01-15 |w 2019-11-22 |y BK_R |z Catalogado en:20170317 |k ICO | ||
| 952 | |0 0 |1 0 |3 erb |4 0 |6 658_403000000000000_SIN_2009 |7 0 |8 R |9 435192 |a BIBENE |b BIBENE |i 5364825 |o 658.403 SIN 2009 |p 5364825 |r 2025-01-15 |w 2019-11-22 |y BK_R |z Catalogado en:20170317 |k ICO | ||